000 01159nam a22003378i 4500
001 016628299
003 EG-ScBUE
005 20250707092327.0
008 140129t2014 enka f bd 001 0 eng d
020 _a9781473707535 (pbk.)
040 _aEG-ScBUE
_beng
_erda
_cEG-ScBUE
_dEG-ScBUE
082 0 4 _a540
_222
_bZUM
100 1 _aZumdahl, Steven S.,
_931077
_eauthor.
245 1 0 _aChemistry /
_cSteven S. Zumdahl, University of Illinois, Susan A. Zumdahl, University of Illinois.
250 _aNinth edition.
250 _aCengage technology edition.
264 1 _aHampshire, United Kingdom :
_bCengage Learning,
_c[2014]
264 4 _cc2014
300 _a1 volume (various pagings) :
_billustrations (some color) ;
_c28 cm
336 _2rdacontent
_atext
_btxt
337 _aunmediated
_2rdamedia
_bn
338 _avolume
_bnc
_2rdacarrier
500 _aIncludes glossary.
500 _aIncludes appendix.
504 _aIncludes bibliographical references and index.
650 7 _aChemistry.
_94328
_2BUEsh
653 _bENGPET
_cSeptember2014
655 _vReading book
_933728
700 1 _aZumdahl, Susan A.,
_936107
_eauthor.
942 _2ddc
_cBB
999 _c18408
_d18380